000 00692nas a2200229 4500
001 BR9211684
003 BR-BrBNA
005 20231205093517.0
007 ta
008 230509b bl.|||p| |||| 00| 00por d
040 _aBR-BrBNA
_bpor
_cBiblioteca Nacional de Agricultura
041 _a(Pt)
072 _aK50
100 1 _aBarbosa, R.I.
245 1 _aAnalise do setor madeireiro do estado de Roraima
246 1 _a[Analysis the Roraima timber structure sector, Brazil]
650 _aMADEIRA
650 _aRORAIMA
773 0 _tActa Amazonica (Brazil)
_xISSN 0044-5967
_g(Mar-Dec 1990), v. 20 p. 193-209
_wBR9211684
909 _a202311
_bLúcia
_c55
_dLúcia Elande
942 _2AGRIS
_n0
_cANA
999 _c138885
_d138885